000 00188nam a2200085Ia 4500
008 120527s9999 xx 000 0 und d
100 _aTroland, T.
245 _aPsychophysiology
942 _cBK
999 _c27765
_d27765